000 00749cam a22002295 4500
001 ##J123045
008 030717s1999 xxk f g 000 0 eng d
035 _a(Sirsi) u123045
041 0 _aeng
050 0 4 _a692.8 $2 18
110 2 _aConstruction Confederation
_93647
240 0 0 _aIN/SC 85
245 0 0 _aDomestic sub-contract IN/SC
_barticles of agreement
260 _aLondon
_bConstruction Confederation
_c1999
300 _a16p.
_c30cm.
350 _a0
490 0 _aConstruction Confederation Domestic Subcontract IN/SC (1985 Edition)
650 2 4 _aIN/SC
650 2 4 _aJCT INTERMEDIATE FORM OF BUILDING CONTRACT (1984 EDITION)
690 _aBUILT ENVIRONMENT-BUILDING CONTRACT FORMS-STANDARD FORMS OF BUILDING CONTRACT
942 _n0
999 _c102988
_d102988